Business Law

Gespeichert in:
Bibliographische Detailangaben
1. Verfasser: Smith, Len Young
Weitere Verfasser: Roberson, G. Gale
Format: Buch
Sprache:Englisch
Veröffentlicht: St. Paul West Publ. Co. 1971
Ausgabe:3. ed.
Schlagworte:
Tags: Tag hinzufügen
Keine Tags, Fügen Sie das erste Tag hinzu!

MARC

LEADER 00000nam a2200000 4500
001 c018907
005 20221207073341.0
041 0 |a eng 
044 |a US 
245 1 0 |a Business Law  |c Len Young Smith, G. Gale Roberson 
250 |a 3. ed. 
264 1 |a St. Paul  |b West Publ. Co.  |c 1971 
300 |a 1214 s. 
610 2 0 |a právo 
610 2 0 |a systémy právne 
610 2 0 |a právo obchodné 
610 2 0 |a klienti 
610 2 0 |a obchod 
610 2 0 |a kontrakty 
610 2 0 |a zmluvy obchodné 
610 2 0 |a záruka 
610 2 0 |a papiere cenné 
610 2 0 |a partneri obchodní 
610 2 0 |a korporácie 
610 2 0 |a konkurencia 
610 2 0 |a bankrot 
610 2 0 |a majetok obchodný 
610 2 0 |a hypotéky 
610 2 0 |a poistenie 
100 1 |a Smith, Len Young 
700 1 |a Roberson, G. Gale